000 01559cam a22002655a 4500
001 L140838
008 071015s2007 xxk f 001 0 eng d
020 _a9780721913322
035 _a(Sirsi) u140838
041 0 _aeng
050 0 4 _a625.7026 $2 18
100 1 _aOrlik, Michael
245 0 3 _aAn introduction to highway law
250 _a3rd ed.
260 _aCrayford
_bShaw & Sons
_c2007
300 _axxxii, 288p.
_c22cm.
350 _a24.65
505 2 _aWhat is a highway? -- Creation of highways -- Responsibility for maintenance of highways -- Liability of the Highway Authority for accidents on the highway -- Ownership of highways, public rights of passage and obstruction of the highway -- Maintenance of highways and bridges -- Improvements to highways and construction of new roads -- Private roads and streets -- Works in the highway -- Traffic regulation -- Footpaths, bridleways and byways -- Diversion and extinguishment of the Highway
520 _aBasic guide to the principles of highway law covers the creation and maintenance of highways, liability for accidents, ownership, public rights of passage, traffic management and the diversion and extinguishment of highways. Also examines the law surrounding private roads and streets, footpaths, bridleways and byways, and responsibility for the maintenance of highways and bridges. Case law and statutes.
521 2 _aAdvanced
590 _aKA
651 4 _aUnited Kingdom
_y
690 _aPROPERTY-INFRASTRUCTURE-TRANSPORT INFRASTRUCTURE-ROAD INFRASTRUCTURE
942 _n0
999 _c107549
_d107549